000 01104nam a2200301 a 4500
003 CO-ViMGA
005 20230915225029.0
008 080529s2005 sp ab gr 00110 spa d
020 _a8434225689
040 _aCO-ViMGA
_bspa
_cCO-ViMGA
082 0 4 _aR 560.17
_bT65a1
_220 ed.
100 1 _aTola, José.
_9944
245 1 0 _aAtlas básico de fósiles y minerales
_ctextos José Tola, Eva Infiesta ; ilustraciones Jaume Farrés, Albert Martínez, Josep Torres ; fotografías Eduardo Banqueri ... [et al.].
250 _a3a. ed.
260 3 _aBarcelona :
_bParramón,
_c2005.
300 _a96 p.
_bil., mapas ;
_c28 cm.
500 _aIncluye índice.
650 1 4 _aAnimales fósiles
_v Atlas.
_91228
650 1 4 _aMinerales
_x Clasificación
_v Atlas.
_91229
650 6 _aFósiles
_v Atlas.
_91226
650 6 _aMinerología
_v Atlas.
_91227
700 1 _aBanqueri, Eduardo,
_efot.
_91233
700 1 _aFarrés, Jaume,
_eil.
_91230
700 1 _aInfiesta, Eva.
_9952
700 1 _aMartínez, Albert,
_eil.
_91232
700 1 _aTorres y Clavé, Josep,
_d1906-1938,
_eil.
_91231
942 _2ddc
_cBK
999 _c12231
_d12231